JOVENES, UNIVERSIDAD Y COMPROMISO SOCIAL : (Registro nro. 46917)
[ vista simple ]
| 000 -LEADER | |
|---|---|
| fixed length control field | 00977nam a2200205 a 4500 |
| 001 - CONTROL NUMBER | |
| control field | 46917 |
| 005 - DATE AND TIME OF LATEST TRANSACTION | |
| control field | 20180714030653.0 |
| 008 - FIXED-LENGTH DATA ELEMENTS--GENERAL INFORMATION | |
| fixed length control field | 140415s2002 sp 000 0 spa d |
| 020 ## - INTERNATIONAL STANDARD BOOK NUMBER | |
| International Standard Book Number | 8427713789 |
| 041 ## - LANGUAGE CODE | |
| Language code of text/sound track or separate title | spa |
| 082 ## - DEWEY DECIMAL CLASSIFICATION NUMBER | |
| Classification number | 378 |
| Item number | GAR |
| 100 1# - MAIN ENTRY--PERSONAL NAME | |
| Personal name | GARCIA ROCA, JOAQUIN |
| 245 10 - TITLE STATEMENT | |
| Title | JOVENES, UNIVERSIDAD Y COMPROMISO SOCIAL : |
| Remainder of title | UNA EXPERIENCIA DE INSERCIÓN COMUNITARIA |
| 250 ## - EDITION STATEMENT | |
| Edition statement | 1a ed. |
| 260 ## - PUBLICATION, DISTRIBUTION, ETC. | |
| Place of publication, distribution, etc. | ESPAÑA : |
| Name of publisher, distributor, etc. | NARCEA, S. A. DE EDICIONES, |
| Date of publication, distribution, etc. | 2002 |
| 300 ## - PHYSICAL DESCRIPTION | |
| Extent | 416 |
| Dimensions | 23 x 15 x 1.2 |
| 520 ## - SUMMARY, ETC. | |
| Summary, etc. | ESTE LIBRO MUESTRA LA FECUNDIDAD DE LA ALIANZA ENTRE UNIVERSIDAD Y LOS MARGINALIZADOS, ENTRE LOS LLAMADOS TERCER Y CUARTO MUNDOS. DESDE LA EXPERIENCIA CONCRETA DE UN PROYECTO DE INSERCIÓN COMUNITARIA CON RAÍCES EN LA COMUNIDAD UNIVERSITARIA, EL LIBRO HACE UNA APORTACIÓN AL DEBATE SOBRE EL DESTINO Y EL FUTURO DE LA UNIVERSIDAD. |
| 650 14 - SUBJECT ADDED ENTRY--TOPICAL TERM | |
| Topical term or geographic name entry element | COMUNIDAD Y UNIVERSIDAD |
| General subdivision | UNIVERSIDADES |
| -- | ASPECTOS SOCIALES |
| 700 1# - ADDED ENTRY--PERSONAL NAME | |
| Personal name | MONDAZA CANAL, GUILLERMO |
| Relator term | coaut. |
| Withdrawn status | Lost status | Source of classification or shelving scheme | Damaged status | Not for loan | Collection code | Home library | Current library | Shelving location | Date acquired | Source of acquisition | Inventory number | Total Checkouts | Full call number | Barcode | Date last seen | Date last checked out | Price effective from | Koha item type |
|---|---|---|---|---|---|---|---|---|---|---|---|---|---|---|---|---|---|---|
| Dewey Decimal Classification | General | Biblioteca Karol Wojtyla | Biblioteca Karol Wojtyla | Sala general | 03/12/2013 | Compra | 151000000000000000040744 | 1 | 378 GAR | 70349 | 05/01/2026 | 30/04/2024 | 03/12/2013 | Libro | ||||
| Dewey Decimal Classification | General | Biblioteca Karol Wojtyla | Biblioteca Karol Wojtyla | Sala general | 03/12/2013 | Compra | 151000000000000000040745 | 378 GAR | 84818 | 05/01/2026 | 07/11/2014 | 03/12/2013 | Libro |